The diary of a young girl / (Record no. 145845)

MARC details
000 -LEADER
fixed length control field 00715nam a22002177a 4500
005 - DATE AND TIME OF LATEST TRANSACTION
control field 20180618110835.0
010 ## - LCCN (DPL NO)
LC control number 1718EN-30 ENG-121688 B-686470-471
020 ## - INTERNATIONAL STANDARD BOOK NUMBER
International Standard Book Number 9789352230983
Terms of availability 125.00
035 ## - SYSTEM CONTROL NUMBER
System control number EN-105220
035 ## - SYSTEM CONTROL NUMBER
System control number B-686470-471
037 ## - SOURCE OF ACQUISITION
Source of stock number/acquisition Star Pub.
Stock number dpl
037 ## - SOURCE OF ACQUISITION
Source of stock number/acquisition DBAD/PUB
082 ## - DEWEY DECIMAL CLASSIFICATION NUMBER
Classification number N
100 ## - MAIN ENTRY--PERSONAL NAME
Personal name Frank, Anne
245 ## - TITLE STATEMENT
Title The diary of a young girl /
Statement of responsibility, etc by Anne Frank
260 ## - PUBLICATION, DISTRIBUTION, ETC. (IMPRINT)
Place of publication, distribution, etc Noida
Name of publisher, distributor, etc Maple Press
Date of publication, distribution, etc 2017
270 ## - ADDRESS
Address A-63, Sector-58,
City Noida
Postal code 201301
300 ## - PHYSICAL DESCRIPTION
Extent 342p.
Dimensions 18cm(pbk)
942 ## - ADDED ENTRY ELEMENTS (KOHA)
Source of classification or shelving scheme Dewey Decimal Classification
Item type English Books
Call number suffix FRA
Classification part N
Holdings
Withdrawn status Lost status Not for loan Collection code Home library Current library Date acquired Source of acquisition Cost, normal purchase price Full call number Barcode Copy number Cost, replacement price Koha item type
      Fiction Ashok Vihar Ashok Vihar 18/06/2018 Star pub-sp5268/28.11.17/680/20.11.17/6.1.18 125.00 N FRA B-686471 1 125.00 English Books
    Not For Loan Fiction D.B.Act.Division Bawana 30/11/2017 DBAD/PUB 125.00 N FRA EN-105220 1 125.00 English Books
      Fiction Central Library Central Library 18/06/2018 Star pub-sp5268/28.11.17/680/20.11.17/6.1.18 125.00 N FRA B-686470 1 125.00 English Books

© Delhi Public Library
Hit Counter
free hit counter